00263nam a2200085Ia 4500008004100000041000800041100001800049245007300067260003700140241105s9999 xx 000 0 und d aeng aPatil Madhuri aWaste Management Strategies For North Maharashtra University Jalgoan bM.Arch Environmental, Punec2013